000 00610nam a2200169Ia 4500
008 210719s1969 xx 000 0 und d
020 _a1-883011-15-9
041 _aeng
082 _a813.54 STEG
100 _aSTEINBECK (John)
245 _aGrapes of wrath and other writings 1936-1941
_bThe long valley, log from the sea of cortez, harvest gypsies
260 _aNew York
_c1969
300 _a1067
_bHB
650 _aAmerican English Fiction
650 _aAmerican English Fiction
906 _a1936-1941 ; cortez, ; from ; Grapes ; gypsies ; harvest ; log ; long ; other ; sea ; valley, ; wrath ; writings
999 _c216065
_d216065